| 000 | 00827cam a2200253 a 4500 | ||
|---|---|---|---|
| 008 | |||
| 020 | _a1853394823 (pbk) | ||
| 049 | _aMAIN | ||
| 050 | 0 | 0 |
_aSB950.3.T76 _bWOM |
| 245 | 0 | 0 |
_aWomen and IPM : _bcrop protection practices and strategies / _cedited by Elske van de Fliert and Jet Proost. |
| 260 |
_aAmsterdam : _bRoyal Tropical Institute , _cc1999. |
||
| 300 |
_a107 p. : _bill. ; _c24 cm. |
||
| 504 | _aIncludes bibliographical references. | ||
| 650 | 0 |
_aPests _xIntegrated control _zTropics. |
|
| 650 | 0 |
_aWomen in agriculture _zTropics. |
|
| 650 | 0 |
_aWomen in development _zTropics. |
|
| 700 | 1 | _aVan de Fliert, Elske. | |
| 700 | 1 | _aProost, Jet. | |
| 907 |
_a.b10268248 _b02-10-09 _c02-10-09 |
||
| 003 | |||
| 005 | 20230123124953.0 | ||
| 040 | _cNUST | ||
| 942 | _cBOOKS | ||
| 999 |
_c133441 _d133441 |
||